000 00820cam a22002174a 4500
005 20250605164210.0
008 250528s ||||||||||||||||||||||||d
035 _a20219
020 _a194513742
040 _aGR-AtMCL
_bgre
_dGR-AtMCL
_eAACR2
245 1 _aBusiness Assignments / Eight advanced case studies with video
260 _bOxford University Press,
_c1989
300 _a108
520 _aThis book is a set of eight international case studies with video for advanced learners of Business English. Introduction, IPSA, Cougar, Chocolates Memlinck, HAL Information Systems, Editions Comenius, Royce-Lytton, Jaudel France, Microtron Italy.
700 1 _aCasler Ken
_96244
700 1 _aPalmer David
_96245
700 1 _aWoodridge Teresa
_96246
942 _cBK
999 _c5353
_d5353